Another way of living; (Record no. 9576)
[ view plain ]
| 000 -LEADER | |
|---|---|
| fixed length control field | 00763cam a22002651 4500 |
| 001 - CONTROL NUMBER | |
| control field | 3120589 |
| 003 - CONTROL NUMBER IDENTIFIER | |
| control field | OSt |
| 005 - DATE AND TIME OF LATEST TRANSACTION | |
| control field | 20250901165820.0 |
| 008 - FIXED-LENGTH DATA ELEMENTS--GENERAL INFORMATION | |
| fixed length control field | 700901t19691968nyu 000 0 eng |
| 010 ## - LIBRARY OF CONGRESS CONTROL NUMBER | |
| LC control number | 68012696 |
| 020 ## - INTERNATIONAL STANDARD BOOK NUMBER | |
| International Standard Book Number | 0030686601 |
| 040 ## - CATALOGING SOURCE | |
| Original cataloging agency | DLC |
| Transcribing agency | DLC |
| Modifying agency | DLC |
| 043 ## - GEOGRAPHIC AREA CODE | |
| Geographic area code | n-us--- |
| -- | e------ |
| 050 00 - LIBRARY OF CONGRESS CALL NUMBER | |
| Classification number | E 184 . 2 .B3 1968 |
| Item number | .B3 |
| 082 00 - DEWEY DECIMAL CLASSIFICATION NUMBER | |
| Classification number | 301.453/73/04 |
| 100 1# - MAIN ENTRY--PERSONAL NAME | |
| Personal name | Bainbridge, John, |
| Dates associated with a name | 1913-1992. |
| 245 10 - TITLE STATEMENT | |
| Title | Another way of living; |
| Remainder of title | a gallery of Americans who choose to live in Europe. |
| 250 ## - EDITION STATEMENT | |
| Edition statement | [1st ed.] |
| 260 ## - PUBLICATION, DISTRIBUTION, ETC. | |
| Place of publication, distribution, etc. | New York, |
| Name of publisher, distributor, etc. | Holt, Rinehart, and Winston |
| Date of publication, distribution, etc. | [1969, c1968] |
| 300 ## - PHYSICAL DESCRIPTION | |
| Extent | 381 p. |
| Dimensions | 24 cm. |
| 350 ## - PRICE (NR) (BK AM CF MU VM SE) [OBSOLETE] | |
| Price | 7.95 |
| 650 #0 - SUBJECT ADDED ENTRY--TOPICAL TERM | |
| Topical term or geographic name entry element | Americans |
| Geographic subdivision | Europe. |
| 906 ## - LOCAL DATA ELEMENT F, LDF (RLIN) | |
| a | 7 |
| b | cbc |
| c | orignew |
| d | u |
| e | ncip |
| f | 19 |
| g | y-gencatlg |
| 942 ## - ADDED ENTRY ELEMENTS (KOHA) | |
| Source of classification or shelving scheme | Library of Congress Classification |
| Koha item type | Books |
| Withdrawn status | Lost status | Source of classification or shelving scheme | Damaged status | Not for loan | Home library | Current library | Shelving location | Date acquired | Total checkouts | Full call number | Barcode | Date last seen | Date last checked out | Price effective from | Koha item type |
|---|---|---|---|---|---|---|---|---|---|---|---|---|---|---|---|
| Library of Congress Classification | Main Library | Main Library | 04/09/2025 | 1 | E 184 . 2 .B3 1968 | PIU0010842 | 08/28/2025 | 08/28/2025 | 04/09/2025 | Books |